000 00784nam a22002657a 4500
001 BR8106026
003 BR-BrBNA
005 20230928091047.0
007 ta
008 230509b bl.||||| |||| 00| 0 por d
040 _aBR-BrBNA
_bpor
_cBiblioteca Nacional de Agricultura
041 _a(Por)
072 _aF00
_b0230
090 _ 0230 BR8106026
100 1 _aReis, O. da S.
110 1 _aAssociacao de Credito e Assistencia Rural do Parana, Curitiba (Brasil)
245 1 _aCultura da cana-de-acucar [Saccharum spp]
260 3 _aCuritiba, PR (Brasil):
_c1981.
300 _a36 p.
500 _a(*) Documento disponível no(a) ACARPA, Curitiba (Brazil)
650 _aPRATICA CULTURAL
650 _aCANA DE ACUCAR
909 _a202309
_bLucia
_c55
_dLucia Elande
942 _cBK
999 _c32009
_d32009